The little book of prayers / (Record no. 103403)
[ view plain ]
| 000 -LEADER | |
|---|---|
| fixed length control field | 00468nam a2200157 a 4500 |
| 005 - DATE AND TIME OF LATEST TRANSACTION | |
| control field | 20140412111301.0 |
| 008 - FIXED-LENGTH DATA ELEMENTS--GENERAL INFORMATION | |
| fixed length control field | 001111s19uu xx 00 eng d |
| 020 ## - INTERNATIONAL STANDARD BOOK NUMBER | |
| International Standard Book Number | 1-85697-028-0 |
| 050 ## - LIBRARY OF CONGRESS CALL NUMBER | |
| Classification number | M 242 |
| Item number | W168 1993 |
| 100 ## - MAIN ENTRY--PERSONAL NAME | |
| Personal name | Walsh, Caroline |
| 245 ## - TITLE STATEMENT | |
| Title | The little book of prayers / |
| Statement of responsibility, etc | selected by Caroline Walsh ; illustrated by Inga Moor. |
| 260 ## - PUBLICATION, DISTRIBUTION, ETC. (IMPRINT) | |
| Place of publication, distribution, etc | London : |
| Name of publisher, distributor, etc | King Fisher Book, |
| Date of publication, distribution, etc | 1993. |
| 300 ## - PHYSICAL DESCRIPTION | |
| Extent | 60 p. ; col. ; ill. |
| 650 ## - SUBJECT ADDED ENTRY--TOPICAL TERM | |
| Topical term or geographic name as entry element | Prayers |
| Withdrawn status | Lost status | Damaged status | Use restrictions | Home library | Current library | Shelving location | Date acquired | Source of acquisition | Total Checkouts | Full call number | Barcode | Date last seen | Price effective from | Koha item type |
|---|---|---|---|---|---|---|---|---|---|---|---|---|---|---|
| Elizalde Library | Elizalde Library | Main Section | 11/11/2000 | M 242 W168 1993 | E4733 | 04/12/2014 | 04/12/2014 | Books |